Регионална библиотека "Любен Каравелов" - Русе

Сестра наша - Болгария (Запис номер 393768)

MARC детайли
000 -Лидер
Контролно поле с фиксирана дължина nam a22 a 4500
003 - Код на организацията, давaща контролен номер
Контролно поле BLK
005 - Дата и час на последна редакция
Контролно поле 20210113082655.0
008 - Елементи от данни с фиксирана дължина
fixed length control field 210113b bu |||||r|||| 00| | bu d
040 ## - Източник на каталожния запис
Идентификатор на билиотеката - собственик на записа BLK
041 ## - Код за език
Код за езика на текст/звукозапис или на отделно заглавие Руски
Код за езика КДБФ Руски
080 ## - УДК
Текстов определител УДК Живопис
УДК код - определител по УДК 75
УДК - код + определител 75
080 ## - УДК
Текстов определител УДК Руска литература
УДК код - определител по УДК 821.161.1
УДК определител -1
УДК - код + определител 821.161.1-1
139 ## - Редно поле
Редна дума Сестра наша - Болгария
245 ## - Сведения за заглавието
Заглавие Сестра наша - Болгария
Редно поле (дума) Владимир Александрович Ветрогонский, Олег Николаевич Шестинский
257 ## - Страна на издаване
Страна на създаване/издаване СССР
260 ## - Област на издателските данни
9 (RLIN) 406186
Място на издаване, разпространение и проч. Ленинград
Име на издателя, разпространителя и проч. Советский художник
Година на издаване 1968
300 ## - Физическа характеристика
Страници 87 с.
Илюстрации и др. ил., цв. ил.
Размери/Мащаб 30 см
380 ## - Жанр
Жанр Изкуство
500 ## - Общи забележки
Забележка 15000 тир.
653 #7 - Ключова дума – ненормативна
9 (RLIN) 197459
Ключова дума стихотворения
653 #7 - Ключова дума – ненормативна
9 (RLIN) 186627
Ключова дума живопис
653 #7 - Ключова дума – ненормативна
9 (RLIN) 195900
Ключова дума руски език
700 ## - Други автори (авторска отговорност)
9 (RLIN) 1359
Лично име Ветрогон, Владимир Александрович
Автороска отговорност (Описва отношението между автора и произведението) рис.
700 ## - Други автори (авторска отговорност)
9 (RLIN) 1426
Лично име Шестинский, Олег Николаевич
Автороска отговорност (Описва отношението между автора и произведението) стихове
852 ## - Местоположение
Форматна сигнатура Цб II 5122
Фондова буква Хранилище
999 ## - СИСТЕМНИ КОНТРОЛНИ НОМЕРА
Koha biblionumber 393768
Koha biblioitemnumber 393768
942 ## - АРТИКУЛИ
Вид на библиотечния материал Книги
Скрит в OPAC Не
Периодичен библиозапис Да
944 ## - СЪЗДАВАНЕ И РЕДАКЦИЯ на ЗАПИСА
Дата на регистрацията/редакция 2021-01-13
Наличности
Код за отписване Код за изгубен артикул Източник на класификационната схема Код за повреда Коз за рестрикции Код за отдаване Артикулен № Име на библиотеката - собственик Име на библиотеката, в която се намира в момента Статус (Текущо местоположение) Дата на вписване в системата Местоположение - отдел Цена в лева Инвентарен номер Систематично азбучна сигнатура Баркод Цена в евро Служебен тип на артикула
  Не е изгубен Universal Decimal Classification Не е повреден само за читалня ползва се в читалня 807098 Регионална библиотека "Любен Каравелов" Русе Регионална библиотека "Любен Каравелов" Русе Хранилище 2021-01-14 Основен фонд - ползва се само за читалня 2.16 15036/68 Цб II 5122 900000036268 1.10 Книги
Vip Innovations Ltd, Rousse, Bulgaria 2025